La cuna cerrada : (Registro nro. 13684)

Detalles MARC
000 -LEADER
fixed length control field 01056nam a2200313 a 4500
001 - CONTROL NUMBER
control field
003 - CONTROL NUMBER IDENTIFIER
control field DO-SdBNP
005 - DATE AND TIME OF LATEST TRANSACTION
control field 20210825101244.0
008 - FIXED-LENGTH DATA ELEMENTS--GENERAL INFORMATION
fixed length control field 090929s2002 dr a 000 0 spa d
020 ## - INTERNATIONAL STANDARD BOOK NUMBER
International Standard Book Number 9993420409
040 ## - CATALOGING SOURCE
Original cataloging agency DO-SdBNP
Language of cataloging spa
Transcribing agency BPMSU
041 17 - LANGUAGE CODE
Language code of text/sound track or separate title spa
-- fre
Source of code eng
082 ## - DEWEY DECIMAL CLASSIFICATION NUMBER
Classification number RD861.42
Item number M671c 2002
Edition number 22
100 1# - MAIN ENTRY--PERSONAL NAME
Personal name Mir, Pedro,
Dates associated with a name 1913-2000
245 13 - TITLE STATEMENT
Title La cuna cerrada :
Remainder of title cartas a un bebé /
Statement of responsibility, etc. Pedro Mir ; cuidado de edición Noris Céspedes.
260 ## - PUBLICATION, DISTRIBUTION, ETC. (IMPRINT)
Place of publication, distribution, etc. Santo Domingo :
Name of publisher, distributor, etc. Editora Nacional,
Date of publication, distribution, etc. 2002.
300 ## - PHYSICAL DESCRIPTION
Extent 75 p. :
Other physical details il. ;
Dimensions 22 cm.
490 0# - SERIES STATEMENT
Series statement Biblioteca esencial ;
-- Testimonio
500 ## - GENERAL NOTE
General note Incluye datos biográficos del autor en las solapas.
500 ## - GENERAL NOTE
General note Incluye referencias bibliográficas y notas al pie de las páginas.
500 ## - GENERAL NOTE
General note Texto en español, inglés y francés.
590 ## - LOCAL NOTE (RLIN)
Local note Inventariado, 2019/VM
650 #4 - SUBJECT ADDED ENTRY--TOPICAL TERM
Topical term or geographic name as entry element Poesía dominicana
650 #4 - SUBJECT ADDED ENTRY--TOPICAL TERM
Topical term or geographic name as entry element Literatura infantil dominicana.
650 #4 - SUBJECT ADDED ENTRY--TOPICAL TERM
Topical term or geographic name as entry element Diarios personales dominicanos
700 12 - ADDED ENTRY--PERSONAL NAME
Personal name Céspedes, Noris,
Relator term ed.
910 ## - USER-OPTION DATA (OCLC)
User-option data VMateo V.
942 ## - ADDED ENTRY ELEMENTS (KOHA)
Source of classification or shelving scheme Dewey Decimal Classification
Koha item type Libros
Existencias
Withdrawn status Lost status Source of classification or shelving scheme Damaged status Not for loan Collection code Home library Current library Date acquired Total Checkouts Full call number Barcode Date last seen Price effective from Koha item type Copy number
    Dewey Decimal Classification     Colección Infantil Dominicana Biblioteca Pública Metropolitana Salomé Ureña Biblioteca Pública Metropolitana Salomé Ureña 08/25/2021   BPMSU CID RD861.42 M671c 2002 BPMSU21080097 08/25/2021 08/25/2021 Libros  
    Dewey Decimal Classification     Colección Infantil Dominicana Biblioteca Pública Metropolitana Salomé Ureña Biblioteca Pública Metropolitana Salomé Ureña 08/25/2021   BPMSU CID RD861.42 M671c 2002 BPMSU22020030 02/04/2022 08/25/2021 Libros e.2